00776nam a2200217 i 4500001000300000100002100003245012200024260005900146300004100205490003200246504002600278700001700304700002000321830003200341020001500373040000800388041000800396080001500404008004100419856009800460bg1 aGAWRON, Wiesław 0aProgramowanie rozwoju i zarządzanie gospodarką żywnościową /cWiesław Gawron, Tomasz Lonc, Augustyn Woś. aWarszawa :bPańst. Wydaw. Rolnicze i Leśne,c1985. a159, [1] s. :brys., wykr. ;c21 cm.1 aBiblioteka Nowego Rolnictwa aBibliogr. s. 152-153.1 aLONC, Tomasz1 aWOŚ, Augustyn aBiblioteka Nowego Rolnictwa a8309010036 cBPK apol a338.43:664 s pl f |000 0 pol  uhttp://koha.tu.koszalin.pl/cgi-bin/koha/opac-detail.pl?biblionumber=23065yKatalog online BPK